00411nam a2200157Ia 45000010006000000050017000060080041000230410008000640820016000721000031000882450081001192600009002003000028002096500008002376540008002451595020260306170233.0260306t2011||||xx |||||||||||||| ||und|| aESP a620.86bB78 aBovea Edo, M. DoloreseAUT 0aManual de seguridad e higiene industrial para la formación en ingeniería c2011 a326 páginas :c24 cm. aGEN aCII